书目信息 |
| 题名: |
中国知识青年上山下乡大事记
|
|
| 作者: | 顾洪章 主编 | |
| 分册: | ||
| 出版信息: | 北京 人民日报出版社 2009.01 |
|
| 页数: | 15,182页 | |
| 开本: | 24cm | |
| 丛书名: | ||
| 单 册: | ||
| 中图分类: | D432.9 | |
| 科图分类: | ||
| 主题词: | 上山下乡知识青年--大事记--中国 | |
| 电子资源: | ||
| ISBN: | 978-7-80208-705-7 | |
| 000 | 00966nam0 2200277 450 | |
| 001 | 0932503595 | |
| 005 | 20091012090305.34 | |
| 010 | @a978-7-80208-705-7@dCNY29.80 | |
| 100 | @a20090112d2009 em y0chiy0110 ea | |
| 101 | 0 | @achi |
| 102 | @aCN@b110000 | |
| 105 | @ay z 000yy | |
| 200 | 1 | @a中国知识青年上山下乡大事记@9zhong guo zhi shi qing nian shang shan xia xiang da shi ji@f顾洪章主编 |
| 205 | @a2版 | |
| 210 | @a北京@c人民日报出版社@d2009.01 | |
| 215 | @a15,182页@d24cm | |
| 290 | @a893610@b208936106@c29.80@xD432.9@e中文图书 | |
| 290 | @a893611@b208936115@c29.80@xD432.9@e中文图书 | |
| 290 | @a893612@b208936124@c29.80@xD432.9@e中文图书 | |
| 330 | @a本书记述了1955-1981年长达27年间涉及知识青年上山下乡的大事、要事。 | |
| 606 | 0 | @a上山下乡知识青年@x大事记@y中国 |
| 690 | @aD432.9@v4 | |
| 701 | 0 | @a顾洪章@9gu hong zhang@4主编 |
| 801 | 0 | @aCN@b110019@c20091012 |
| 905 | @a10447@dD432.9@eG4901=2@f3 | |
| 999 | @s0.00@Gyuan@g20090114 09:44:03 | |
| 中国知识青年上山下乡大事记/顾洪章主编.-2版.-北京:人民日报出版社,2009.01 |
| 15,182页;24cm |
| ISBN 978-7-80208-705-7:CNY29.80 |
| 本书记述了1955-1981年长达27年间涉及知识青年上山下乡的大事、要事。 |
| ● |
| 相关链接 |
|
|
|
正题名:中国知识青年上山下乡大事记
索取号:D432.9/G4901=2
 
预约/预借
| 序号 | 登录号 | 条形码 | 馆藏地/架位号 | 状态 | 备注 |
| 1 | 893610 | 208936106 | 法学院资料室/ [索取号:D432.9/G4901=2] | 在馆 | |
| 2 | 893611 | 208936115 | 社科库509/509社科库 70排6列4层/ [索取号:D432.9/G4901=2] | 在馆 | |
| 3 | 893612 | 208936124 | 社科库509/509社科库 70排6列4层/ [索取号:D432.9/G4901=2] | 在馆 |